Normal view
MARC view
- Núñez García, Cristino
Entry Nombre Personal
001 - NUMERO DE CONTROL
- campo de control: 47697
003 - IDENTIFICADOR DE NUMERO DE CONTROL
- campo de control: UPN
005 - FECHA Y HORA DE LA ÜLTIMA TRANSACCIÓN
- campo de control: 20230130125926.0
008 - DATOS DE LONGITUD FIJA
- campo de control de longitud fija: 230130|||az|nnaaan a aaa d
040 ## - FUENTE DE CATALOGACIÓN
- Agencia original de catalogación: MX-MxUPN
- Lenguaje de catalogación: spa
100 1# - ENCABEZAMIENTO - NOMBRE PERSONAL
- Nombre personal: Núñez García, Cristino
400 1# - VEÁSE - NOMBRE DE PERSONA
- Personal name: García, Cristino Núñez
902 ## - CATALOGADOR
- Catalogador: VAGG/30123
